000 00619nam a22001937a 4500
003 OSt
005 20260421074936.0
008 260421b |||||||| |||| 00| 0 eng d
020 _a 0-7169-4451-6
040 _aDWC-Admin lib
_cOC
082 _aCirc. 300.285 F453 2005
100 _aField, Andy
245 _a Discovering statistics using SPSS /
_c Andy Field
260 _aLondin :
_b Sage Publications,
_c c2005.
300 _a xxxiv, 779 p. :
_b ill. ;
_c23 cm.
650 _a1. Social sciences - Statistical methods - Computer programs
650 _a2. SPSS for Windows.
942 _2ddc
_cBK-CIRC
_hCirc.
_n0
999 _c9593
_d9593